000 01752cam a22005054i 4500
003 PE-LiUPU
005 20250731165550.0
008 150625s r 000 0 d
035 _a(Sirsi) a34407
035 _a(Sirsi) a34407
040 _aPE-LiUPU
_bspa
_cPE-LiUPU
_erda
082 0 4 _a985.04
_bD
_223
245 0 3 _aLa Marina 1780-1822 :
_nVolumen 3. /
_cedición y prólogo por Cap. de navío AP Julio J. Elías.
264 1 _aLima :
_bComisión Nacional del Sesquicentenario de la Independencia del Perú,
_c1971.
300 _a516 páginas ;
_c24 centímetros.
336 _atext
_2rdacontent
337 _aunmediated
_2rdamedia
338 _avolume
_2rdacarrier
490 0 _aColección Documental de la Independencia del Perú ;
_v7
505 _aDocumentos inéditos de Trujillo y Lambayeque.
526 _aSEG44
526 _aSEG26
526 _aP151
526 _aP150
526 _aP149
526 _aP146
526 _aP145
526 _aP126
526 _aP125
526 _aP92
526 _aP75
526 _aP74
526 _aP27
526 _aP15
651 _aPerú. Marina de Guerra
651 _aPerú
_xHistoria naval
651 _aPerú
_xHistoria
_yEmancipación, 1808-1824
_vFuentes.
700 1 _aElías Murgía, Julio J.,
_d1901-1972,
_ecompilador.
700 1 _aDenegri Luna, Félix1919-1998.
710 2 _a.Comisión Nacional del Sesquicentenario de la Independencia del Perú
942 _2ddc
_cBK
949 _aRC 985.04 D 7 / 3
_wDEWEY
_c1
_i17005
_lRC
_mBUL
_r0
_sY
_tBOOK
_u2015-6-25
_xBIBLIOTECA
_zUNKNOWN
_0COMPRA
_o.CIRCNOTE. No olvidar cambiar la fecha de devolución!!!!!!!
_o.STAFF. Colección General
999 _c42260
_d42260
980 _81
_gALBERTO SANCHEZ Responsable de Automatización